[Event "EST-ch U16 Girls"]
[Site "Tallinn"]
[Date "2016.05.19"]
[Round "2"]
[White "Koloskova, Valeria"]
[Black "Sui, Siret"]
[Result "1/2-1/2"]
[WhiteElo "1211"]
[BlackElo "1284"]
[PlyCount "68"]
[EventDate "2016.05.19"]
[EventType "swiss"]
[EventRounds "7"]
[EventCountry "EST"]
[SourceTitle "EXT 2018"]
[Source "ChessBase"]
[SourceDate "2017.10.13"]
[SourceVersion "1"]
[SourceVersionDate "2017.10.13"]
[SourceQuality "1"]

1. e4 c5 2. Nf3 Nc6 3. d4 cxd4 4. Nxd4 g6 5. Nc3 Bg7 6. Nf3 d6 7. Bb5 Bd7 8. Bd2 Nf6 9. 0-0 0-0 10. Re1 Ng4 11. Nh4 Bd4 12. Rf1 Nce5 13. Be2 e6 14. Nf3 Nxf3+ 15. Bxf3 h5 16. Bxg4 hxg4 17. Qxg4 e5 18. Qg3 Kg7 19. Rab1 f5 20. exf5 Rxf5 21. Ne2 Bb6 22. h3 Qf6 23. Nc3 Bc6 24. Rbe1 Rf8 25. Re2 e4 26. Be3 Bxe3 27. Rxe3 d5 28. f3 Rg5 29. Qf2 exf3 30. Rxf3 Rf5 31. Rxf5 Qxf5 32. Qxf5 Rxf5 33. Rxf5 gxf5 34. Kf2 Kf6 1/2-1/2